[Event "BLR-ch Women 2020"]
[Site "Minsk"]
[Date "2020.10.18"]
[Round "1.1"]
[White "Ilyuchyk, Yana"]
[Black "Beinenson, Katsiaryna"]
[Result "0-1"]
[WhiteElo "2119"]
[BlackElo "1983"]
[Annotator "TA"]
[PlyCount "132"]
[EventDate "2020.10.18"]
[EventType "tourn"]
[EventCountry "BLR"]
[SourceTitle "playchess.com"]
[Source "ChessBase"]
[SourceQuality "1"]

{[%evp 17,132,-15,-18,-52,-40,-16,-25,0,0,0,0,0,0,0,0,0,0,-245,-244,-232,5,0,0,0,7,0,20,-26,0,0,0,0,0,0,0,0,0,0,0,0,0,0,0,-69,-69,-166,-158,-156,-127,-134,-51,-257,-204,-214,-210,-209,-209,-209,-202,-203,-200,-209,-209,-201,-197,-190,-133,-133,-133,-172,-172,-173,-173,-173,-146,-473,-469,-471,-418,-479,-451,-481,-466,-479,-480,-466,-458,-451,-468,-531,-466,-451,-446,-1093,-1051,-1045,-991,-1235,-582,-4088,-3243,-5551,-3243,-3437,-2812,-2204,-2022,-1656,-1681,-1293,-847,-29995,-29996,-29996,-29990,-29997,29983]} 1. e4 c5 2. Nf3 g6 3. d4 cxd4 4. Nxd4 Nc6 5. Nc3 Bg7 6. Be3 Nf6 7. Nxc6 bxc6 8. e5 Ng8 9. Bd4 Qa5 10. Bc4 {B34: Sicilian: Accelerated Dragon with 5 Nc3: sidelines.} Bxe5 11. O-O Nh6 12. Re1 {Black has an edge.} Bxd4 13. Qxd4 O-O 14. Rxe7 {And now Ne4 would win.} d5 15. Bxd5 cxd5 16. Nxd5 {[#] White wants to mate with Nf6+.} Rd8 $146 ({Predecessor:} 16... Ng4 17. b4 Qd8 18. Rae1 Qd6 19. h3 Qh2+ 20. Kf1 Qh1+ 21. Ke2 Qxg2 22. hxg4 Bxg4+ {1-0 (58) Naranjo Moreno,A (2358)-Perez Mitjans,O (2427) Seville 2017}) 17. c4 $2 (17. Re8+ $11 {and White has nothing to worry.} Rxe8 18. Nf6+ {[%mdl 64] Double Attack} Kf8 19. Nxh7+ (19. Nxe8 Ng4 $15) 19... Ke7 20. Rd1) 17... Be6 $1 $19 {[%cal Re6d5]} 18. b4 Rxd5 $2 (18... Qa4 $1 $19 19. g4 Bxd5 20. cxd5 a5) 19. cxd5 $11 Qxd5 20. Qxd5 Bxd5 21. a4 {[%cal Ba2a4,Ba4a5][%mdl 32]} a6 22. Rc1 Rb8 23. Re5 Be6 24. b5 axb5 25. Rxb5 Ra8 26. a5 Nf5 27. Rd1 Kg7 28. g4 Ne7 29. h3 Nc6 30. Rc5 (30. Ra1 $1 $11) 30... Nxa5 $15 31. f4 (31. Ra1 $15 Nb3 32. Rxa8 Nxc5 33. f3) 31... Nb3 $19 32. Rc3 Kf6 33. Rdd3 Ra4 ({Black should try} 33... Rb8 $17 34. Rd1 Na5) 34. Rf3 $2 (34. Rxb3 $15 Bxb3 35. Rxb3) 34... Nd2 35. Rfd3 Ra1+ 36. Kg2 Ra2 {aiming for ...Ne4+.} 37. Kg1 Ne4 38. Ra3 Rf2 39. Rf3 Rc2 40. Ra6 {intending f5.} Rc1+ 41. Rf1 Rxf1+ ({Better is} 41... Rc5 $19 42. Re1 Rc4) 42. Kxf1 $17 h5 43. Ke2 Kg7 ({Don't do} 43... hxg4 44. hxg4 Ke7 45. Kf3 $17) 44. Kf3 {[#]} Nf6 $1 45. g5 Nd5 46. h4 $2 {[%mdl 8192] [#] Loses the game.} (46. Ra5 $17) 46... Ne7 $1 $19 {[%cal Re7f5]} 47. Kg3 Bg4 48. Ra1 Nf5+ 49. Kf2 Nxh4 50. Rh1 Nf5 51. Rg1 Kf8 52. Ke1 Ke7 53. Kf2 Ke6 54. Ra1 Kd5 55. Ra5+ (55. Ra4 $142) 55... Ke4 56. Ra4+ Nd4 57. Kg3 Be6 (57... Bd7 $142 58. Rc4 Be6) 58. Rb4 Ke3 59. Kh4 Nf5+ 60. Kh3 Nd6+ 61. Kh4 Ne4 62. f5 Bxf5 {Strongly threatening ...Bg4.} 63. Rb3+ Kf4 {( -> ...f6)} 64. Rg3 f6 {Black mates.} 65. Rg1 Bg4 66. Rxg4+ Ke5 $4 {[%mdl 40960] Av CentiPawn Loss W=-69/B=-99. Weighted=-73/-60. Sensor Board Error (Ke4/e5)?} (66... hxg4 {and all is fine.} 67. gxf6 Ng5 68. f7 Nf3#) 0-1

[Event "BLR-ch Women 2020"]
[Site "Minsk"]
[Date "2020.10.18"]
[Round "1.2"]
[White "Poliakova, Varvara"]
[Black "Astapchyk, Darya"]
[Result "1/2-1/2"]
[WhiteElo "1952"]
[BlackElo "1506"]
[Annotator "TA"]
[PlyCount "107"]
[EventDate "2020.10.18"]
[EventType "tourn"]
[EventCountry "BLR"]
[SourceTitle "playchess.com"]
[Source "ChessBase"]
[SourceQuality "1"]

{[%evp 10,107,64,57,108,35,37,9,43,29,36,27,20,30,37,13,38,10,24,18,22,-16,48,0,21,0,0,0,21,25,30,31,22,27,24,0,32,0,0,0,0,0,0,0,0,0,0,0,0,0,0,0,0,0,0,0,0,0,0,0,0,0,0,0,0,0,0,0,0,0,0,0,0,0,0,0,0,0,0,0,0,0,0,0,0,0,0,0,0,0,0,0,0,0,0,0,0,0,0,0]} 1. e4 d5 2. exd5 Qxd5 3. Nc3 Qd8 4. d4 Nf6 5. Nf3 Bg4 6. h3 Bh5 {[#] B01: Scandinavian Defence.} (6... Bxf3 $14 7. Qxf3 c6) 7. Be2 ({Better is} 7. g4 $1 $16 {[%cal Rg4h5]} Bg6 8. Ne5) 7... e6 $14 8. Bf4 c6 9. O-O Bd6 10. Ne5 Bxe2 11. Qxe2 O-O {[#]} 12. Rad1 $146 ({Predecessor:} 12. Bg5 Be7 13. Bxf6 Bxf6 14. Rad1 Qc7 15. f4 Nd7 16. Ne4 Be7 17. Kh1 Nf6 18. f5 Nxe4 19. Qxe4 exf5 20. Qxf5 {1-0 (68) Deepak,K (2140)-Lasitha,S (1748) Ambalangoda 2018}) 12... Qc7 13. Rfe1 Nbd7 14. Qf3 Nd5 15. Nxd5 exd5 (15... cxd5 $11 16. Nxd7 Qxd7) 16. Qg3 {Bh6 is the strong threat.} f6 17. Nxd7 Bxf4 18. Qg4 {[#] aiming for Re7.} f5 (18... Bh2+ {looks sharper.} 19. Kh1 Rf7 20. Nc5 Bd6 21. Nd3 Re7) 19. Qf3 Bh2+ 20. Kh1 Qxd7 21. Kxh2 Rae8 22. Qa3 a6 23. Qb4 f4 {The position is equal.} 24. Rxe8 Rxe8 $11 {[%mdl 4096] Endgame KQR-KQR} 25. Re1 Kf7 26. Kg1 Rxe1+ 27. Qxe1 {KQ-KQ} Qe7 28. Qd2 g5 29. Kf1 Kf6 30. b3 Qe6 31. Qb4 Qe7 32. Qa5 Qe4 33. Qd8+ Qe7 34. Qh8+ Qg7 35. Qb8 Kg6 36. c3 Qe7 37. h4 h6 38. Qg8+ Kh5 39. hxg5 hxg5 40. Qh8+ Kg6 41. Qg8+ Kf5 42. Qc8+ Kf6 43. Qg4 Qh7 {White must now prevent ...Qb1+.} 44. g3 Qh1+ 45. Ke2 Qe4+ 46. Kd2 Qf5 47. Qf3 fxg3 48. Qxg3 Qf4+ 49. Ke2 Kf5 {Strongly threatening ...Qxg3.} 50. Qh3+ Qg4+ 51. Qf3+ Qf4 52. Qh3+ Qg4+ 53. Qf3+ Qf4 54. Qh3+ {Av CentiPawn Loss W=-6/B=-5. Weighted=-9/-6} 1/2-1/2

[Event "BLR-ch Women 2020"]
[Site "Minsk"]
[Date "2020.10.18"]
[Round "1.3"]
[White "Tarasenka, Aliaksandra"]
[Black "Norman, Kseniya"]
[Result "0-1"]
[WhiteElo "2070"]
[BlackElo "1834"]
[Annotator "TA"]
[PlyCount "84"]
[EventDate "2020.10.18"]
[EventType "tourn"]
[EventCountry "BLR"]
[SourceTitle "playchess.com"]
[Source "ChessBase"]
[SourceQuality "1"]

{[%evp 12,84,49,55,63,47,57,41,118,110,100,106,114,94,193,158,148,0,0,-13,-11,-11,161,117,168,72,62,0,38,0,0,-25,-25,-28,0,0,0,7,0,25,10,7,14,-218,-213,-222,-218,-1002,-1002,-895,-549,-545,-528,-934,-919,-1004,-920,-888,-866,-1100,-1093,-1703,-1433,-1507,-1439,-1285,-1073,-1104,-1088,-997,-1032,-1283,-1032,-29983,-29984]} 1. d4 g6 2. c4 Bg7 3. Nc3 c5 4. d5 Bxc3+ 5. bxc3 f5 6. e4 fxe4 7. f3 Nf6 {A40: Unusual replies to 1 d4.} 8. fxe4 {Hoping for e5.} d6 9. Bd3 Bg4 {[#]} (9... O-O $14) 10. Qc2 $146 ({Predecessor:} 10. Nf3 Nbd7 11. h3 Bxf3 12. gxf3 Nh5 13. f4 e5 14. dxe6 Qh4+ 15. Kf1 Ne5 16. Qa4+ Nc6 17. Rb1 O-O 18. f5 Ng3+ 19. Kg2 Nxh1 {0-1 (19) Debashis,D (2484)-Kasimdzhanov,R (2700) Dubai 2014}) 10... e5 11. h3 Bc8 12. Nf3 $36 {[%mdl 2048] White has strong initiative.} Nh5 (12... Qe7 $16 {was called for.}) 13. Bg5 Qc7 14. O-O $2 (14. Bh6 $16) 14... h6 $1 $11 {[%cal Rh6g5]} 15. Be3 g5 $1 16. Qd1 Ng3 $2 (16... Nf4 $1 $11) 17. Rf2 {Strongly threatening Nh2.} g4 (17... Qg7 $16) 18. hxg4 (18. Kh2 $18 Nh5 19. Nxe5 (19. hxg4 Nf6 $11) 19... dxe5 20. hxg4) 18... Bxg4 $16 19. Qe1 (19. Rb1 $14) 19... Qg7 20. Nh2 h5 21. Rb1 b6 22. a4 Nd7 23. a5 {And now Ra2 would win.} Ke7 24. Ra2 h4 25. axb6 axb6 26. Rxa8 Rxa8 27. Qd2 $2 (27. Nf1 $11) 27... Rg8 $19 28. Qf2 {[#]} Bh5 $1 29. Nf3 $2 {[#]} (29. Nf1 h3 30. Kh2 Nxf1+ 31. Bxf1 hxg2 32. Bxg2) 29... Bxf3 $1 30. Qxf3 {[#]} h3 $1 {[%mdl 512]} 31. gxh3 {Black must now prevent Kh2.} Nf5+ $1 32. Kf2 Nh4 33. Qh1 Qf6+ 34. Ke1 Ng2+ {[%mdl 64] Double Attack} 35. Ke2 Rg3 {( -> ...Qf3+)} 36. Rf1 Rxe3+ 37. Kd2 Qg5 38. Kc2 Nf4 39. Rg1 Rg3 40. Rxg3 Qxg3 {[%mdl 64] Double Attack} 41. Bf1 Nf6 {Threatens to win with ...Qe3.} 42. h4 Ng4 {Never resign too early! Av CentiPawn Loss W=-109/B=-48. Weighted=-114/-46} 0-1

[Event "BLR-ch Women 2020"]
[Site "Minsk"]
[Date "2020.10.19"]
[Round "2.1"]
[White "Beinenson, Katsiaryna"]
[Black "Poliakova, Varvara"]
[Result "1-0"]
[WhiteElo "1983"]
[BlackElo "1952"]
[Annotator "TA"]
[PlyCount "113"]
[EventDate "2020.10.18"]
[EventType "tourn"]
[EventCountry "BLR"]
[SourceTitle "playchess.com"]
[Source "ChessBase"]
[SourceQuality "1"]

{[%evp 17,113,25,32,14,25,20,29,34,54,54,52,53,52,52,51,50,56,50,51,54,45,45,75,79,80,78,85,47,45,51,99,84,80,91,89,0,0,-6,24,23,29,41,37,33,158,161,161,161,256,234,249,190,232,208,262,272,246,210,214,176,206,114,125,118,144,150,139,125,109,40,129,123,67,67,160,168,161,168,237,231,181,162,404,404,390,390,390,383,612,611,611,571,1221,779,29975,29976,29976,29977]} 1. e4 e5 2. Nf3 Nc6 3. Bc4 Bc5 4. c3 Nf6 5. d3 a6 6. Nbd2 Ba7 7. Bb3 d6 8. O-O O-O 9. h3 Be6 10. Re1 {C54: Giuoco Piano: 4 c3 Nf6, main lines with 5 d4 and 5 d3.} Qd7 11. Nf1 Rfe8 {[#]} 12. Bg5 $146 {White has an edge.} ({Predecessor:} 12. Ng3 d5 13. Bg5 dxe4 14. dxe4 Rad8 15. Qxd7 Rxd7 16. Bxf6 Bxb3 17. Bxg7 Bc4 18. Nh5 {0-1 (61) Golizadeh,A (2455)-Vitenberg,N (2298) chess.com INT 2020}) 12... Nh5 13. N3h2 Bxb3 14. axb3 Nf4 15. Bxf4 exf4 16. d4 f5 17. Qf3 fxe4 18. Rxe4 Rxe4 19. Qxe4 Qf7 20. Re1 Rf8 21. Nf3 Qf5 22. Qxf5 Rxf5 23. Re8+ Kf7 24. Rc8 Bb6 25. N1d2 Rb5 26. Nc4 (26. Kf1 $16) 26... Rxb3 $11 27. Nfd2 $36 {[%mdl 2048] White has good play.} Rb5 28. Nxb6 cxb6 {[%mdl 4096] Endgame KRN-KRN} 29. Rc7+ Kg6 30. b3 {[%cal Bb2b3,Bb3b4][%mdl 32]} Na5 ({Black should try} 30... d5 $14) 31. b4 $16 Nc6 32. Rxb7 d5 (32... Nxb4 $142 33. cxb4 Rxb4) 33. Nb1 $18 Nxb4 34. cxb4 Rxb4 {KRN-KR} 35. Nc3 Rxd4 36. Rxb6+ {[%mdl 64] Double Attack} Kf5 37. Kf1 Rd3 38. Rc6 d4 39. Na4 (39. Rc5+ $18 Ke6 40. Ne4) 39... f3 {[%cal Rd3d1]} 40. Rc5+ Kf6 {[%cal Rd3d1]} 41. gxf3 Rxf3 42. h4 Ra3 43. Ra5 (43. Nb6 $16) 43... d3 (43... Ra2 $14) 44. Rxa6+ $16 Kf5 45. Nc5 $1 Rc3 (45... Rxa6 $1 $14 46. Nxa6 Kg4) 46. Ra5 $1 {Strongly threatening Na4+.} Kg4 {[#] Hoping for ...Rc1+.} 47. Ne4 $1 Rc4 {[#]} (47... Rc7 $142 48. Kg2 Kxh4) 48. f3+ $1 $18 Kf4 (48... Kxf3 49. Nd2+) 49. Rd5 Rc1+ $2 {[#]} (49... Ke3) 50. Kg2 $1 Ke3 51. Nf2 d2 52. Rd7 Rc4 (52... h5 $142 53. Re7+ (53. Rxg7 d1=Q $16) 53... Kd4 54. Rxg7 Rc8 55. Rd7+ Ke3 56. Re7+ Kd4) 53. Re7+ Kf4 54. Rxg7 {Black must now prevent Rg4+.} h5 55. Rf7+ Ke3 56. Re7+ Kf4 57. Re4+ {Av CentiPawn Loss W=-20/B=-59. Weighted=-16/-42} 1-0

[Event "BLR-ch Women 2020"]
[Site "Minsk"]
[Date "2020.10.19"]
[Round "2.2"]
[White "Astapchyk, Darya"]
[Black "Tarasenka, Aliaksandra"]
[Result "1/2-1/2"]
[WhiteElo "1506"]
[BlackElo "2070"]
[Annotator "TA"]
[PlyCount "73"]
[EventDate "2020.10.18"]
[EventType "tourn"]
[EventCountry "BLR"]
[SourceTitle "playchess.com"]
[Source "ChessBase"]
[SourceQuality "1"]

{[%evp 15,73,0,28,26,49,35,35,45,33,46,71,65,65,64,61,40,63,16,9,0,0,-3,26,20,30,29,29,15,9,0,0,0,0,-8,0,0,22,24,34,28,56,35,129,56,41,45,36,0,0,0,0,0,0,0,0,0,0,0,0,0]} 1. e4 e6 2. d4 c5 3. c3 d5 4. exd5 Qxd5 5. Nf3 Nc6 6. Be2 Nf6 7. O-O Be7 8. Be3 O-O 9. dxc5 {B22: Sicilian: 2 c3.} Qxd1 10. Rxd1 Ng4 11. Bf4 {White is slightly better.} Bxc5 12. Bg3 f5 13. h3 {[#]} f4 $146 ({Predecessor:} 13... Nf6 14. Bd6 Bxd6 15. Rxd6 Ne4 16. Rd1 Rd8 17. Rxd8+ Nxd8 18. Nbd2 Nxd2 19. Nxd2 {½-½ (19) Szittar,A (2235)-Freider,P Zalakaros 1991}) 14. Bh4 Nge5 15. b4 Bb6 16. Nxe5 Nxe5 17. Be7 f3 18. gxf3 Nxf3+ 19. Kg2 Re8 20. Bxf3 Rxe7 21. Na3 e5 22. Nc4 e4 23. Be2 $36 {[%mdl 2048] White is more active.} Bc7 24. Nd6 Bxd6 25. Rxd6 Bf5 26. Rad1 Rc7 27. c4 b6 28. R1d5 Rf8 ({Better is} 28... g6 $14) 29. a4 (29. c5 $16 {Hoping for Bc4.} g6 30. c6) 29... Rcf7 30. Rd2 {Threatens to win with c5.} Bc8 31. Bg4 (31. c5 {seems wilder.} Rxf2+ 32. Kg3 R2f5 33. c6 e3 34. R2d4) 31... Bxg4 {The position is equal.} 32. hxg4 $11 {KRR-KRR} Rf4 33. Kg3 Rf3+ 34. Kg2 R3f4 35. Kg3 Rf3+ 36. Kg2 R3f4 37. Kg3 {Av CentiPawn Loss W=-8/B=-7. Weighted=-11/-9} 1/2-1/2

[Event "BLR-ch Women 2020"]
[Site "Minsk"]
[Date "2020.10.19"]
[Round "2.3"]
[White "Zeliantsova, Kseniya"]
[Black "Ilyuchyk, Yana"]
[Result "1-0"]
[WhiteElo "2114"]
[BlackElo "2119"]
[Annotator "TA"]
[PlyCount "103"]
[EventDate "2020.10.18"]
[EventType "tourn"]
[EventCountry "BLR"]
[SourceTitle "playchess.com"]
[Source "ChessBase"]
[SourceQuality "1"]

{[%evp 22,103,0,-32,-35,-16,-12,-57,-39,-105,-93,-96,-112,-97,-96,-109,-46,-46,-41,-58,12,8,31,0,0,0,15,18,26,-104,-105,-106,-92,-90,34,-37,-32,-115,-114,-258,-213,-172,-78,-98,-81,-72,-33,-40,-39,-22,0,-30,63,38,24,24,26,35,83,77,214,176,321,322,307,258,247,147,146,5,8,16,12,16,320,308,618,415,5110,5110,5106,5106,5106,5097]} 1. e4 c5 2. Nf3 Nc6 3. d4 cxd4 4. Nxd4 Nf6 5. Nc3 d6 6. Be3 e5 7. Nb3 Be7 8. Be2 O-O 9. O-O Be6 10. Bf3 a5 11. a4 Nb4 12. Qd2 Qc7 {B59: Classical Sicilian: 6 Be2 e5 7 Nb3.} 13. Rac1 b6 14. Bg5 Rfd8 {[#] Black is slightly better.} 15. Rfd1 $146 (15. Nb5 $15 Qc4 16. Qd1) ({Predecessor:} 15. Bxf6 Bxf6 16. Rfe1 h6 17. Ra1 Qc4 18. Be2 Qc6 19. Bb5 Qb7 20. Qe2 d5 21. exd5 Nxd5 22. Nxd5 Bxd5 {0-1 (55) Nizam,R (2232)-Dukaczewski,P (2228) Chennai 2012}) 15... h6 $17 16. Bh4 {[#]} Nxe4 $1 {[%mdl 512]} 17. Bxe4 {aiming for Bxe7.} (17. Nxe4 Bxh4) 17... Bxh4 18. Nb5 {[#]} Qe7 ({Better is} 18... Qb8 $1 $17 {White must now prevent ...Bg5.} 19. Bxa8 Bg5) 19. Bxa8 $15 {Strongly threatening g3.} Bg5 $1 {[%cal Rg5d2]} 20. Qe2 {Threatens to win with Bf3.} ({Wrong is} 20. f4 $2 Bxf4 21. Qf2 Bxb3 $19) 20... Rxa8 (20... Bxb3 $15 21. cxb3 Bxc1) 21. Nd2 $1 $11 Rc8 22. c4 Bf5 23. Rc3 e4 24. Nf1 Nd3 25. Nd4 (25. b3 $11 {keeps the balance.}) 25... Bg6 $17 {[%mdl 1024] Black has strong compensation.} 26. Ng3 Qe5 27. Nb5 Qc5 (27... Bf6 $17) 28. b3 (28. Nxe4 $14 Bxe4 29. b3) 28... Qe5 $15 29. h3 (29. f3 $1 $15 f5 30. Rdxd3 exd3 31. Rxd3) 29... Rc5 $17 30. Qc2 (30. Nxd6 $17 Qxd6 31. Nxe4) 30... Nb4 31. Qb2 e3 (31... d5 $19 {and Black stays clearly on top.} 32. Rc2 d4 33. Nxd4 Nxc2 34. Qxc2 Bh4) 32. Nd4 exf2+ 33. Qxf2 d5 34. Re1 Qb8 {Hoping for ...dxc4.} 35. Ndf5 {White wants to play h4.} dxc4 36. bxc4 Re5 (36... Kh7 $11) 37. Rxe5 (37. h4 $5 {[%cal Rh4g5]} Bf6 38. Rce3 $14) 37... Qxe5 38. Rf3 h5 39. h4 Bf6 40. Qxb6 Qa1+ (40... Bxf5 $16 {keeps fighting.} 41. Nxf5 g6) 41. Kh2 $18 Qxa4 (41... Kh7 $142) 42. Qb8+ Kh7 43. Ne4 Qc6 44. Qf4 ({White should try} 44. Nxf6+ $18 Qxf6 45. Qd6) 44... a4 45. Ng5+ (45. Re3 $16) 45... Bxg5 $1 $11 46. hxg5 {And now Qe5 would win.} Qe6 47. Nh4 $40 {[%mdl 128] White mounts an attack.} Nd3 $2 {[%mdl 8192] [#]} (47... Nc2 $1 $11 {and Black is okay.}) 48. Nxg6 $3 $18 {[%mdl 512] Threatening mate with Nf8+.} Qxg6 $2 (48... Nxf4 49. Nf8+ {[%mdl 64] Double Attack} Kg8 50. Nxe6 Nxe6) 49. Qf5 Nb2 ({Don't play} 49... Qxf5 50. Rxf5 Kg8 51. c5 $18) (49... Nb4 $142 50. Qxf7 Qxf7 51. Rxf7 Kg6) 50. Qxg6+ {White is clearly winning.} Kxg6 51. c5 Nc4 52. Rc3 {Never resign too early! Av CentiPawn Loss W=-28/B=-65. Weighted=-43/-54} 1-0

[Event "BLR-ch Women 2020"]
[Site "Minsk"]
[Date "2020.10.20"]
[Round "3.1"]
[White "Poliakova, Varvara"]
[Black "Zeliantsova, Kseniya"]
[Result "0-1"]
[WhiteElo "1952"]
[BlackElo "2114"]
[Annotator "TA"]
[PlyCount "76"]
[EventDate "2020.10.18"]
[EventType "tourn"]
[EventCountry "BLR"]
[SourceTitle "playchess.com"]
[Source "ChessBase"]
[SourceQuality "1"]

{[%evp 14,76,0,-6,45,52,52,-33,-20,-18,-15,-60,-51,-58,-26,-34,-39,-72,-77,-88,-82,-82,-69,-73,-65,-88,-110,-95,-92,-160,-167,-141,-158,-252,-244,-251,-221,-377,-392,-516,-495,-1085,-1031,-1245,-725,-697,-685,-744,-523,-1522,-1036,-1029,-1018,-941,-984,-927,-918,-29993,-29994,-29994,-29995,-29995,-29996,-29996,-29997]} 1. e4 c5 2. Nf3 Nc6 3. d4 cxd4 4. Nxd4 g6 5. Nc3 Bg7 6. Be3 Nf6 7. Nxc6 bxc6 8. e5 Nd5 {B34: Sicilian: Accelerated Dragon with 5 Nc3: sidelines.} (8... Ng8 $1 $11) 9. Nxd5 $14 cxd5 10. Bd4 (10. Qxd5 $14 Rb8 11. O-O-O) 10... O-O $15 {Black is slightly better.} 11. Bd3 d6 12. Qe2 dxe5 13. Bxe5 Qa5+ (13... f6 $5 {[%cal Rf6e5]} 14. Bd4 Qc7 $15) 14. c3 {[#]} f6 $146 ({Predecessor:} 14... Bxe5 15. Qxe5 Ba6 16. Bxa6 Qxa6 17. Qe2 Qxe2+ 18. Kxe2 Rab8 19. Rab1 Rb6 20. Rhd1 e6 {½-½ (82) Pena Riasco,A (2237)-Garcia Gata,J (2079) Almansa 2012}) 15. Bf4 e5 16. Bd2 e4 17. Bb5 {[#]} Bg4 $1 {[%mdl 576] Deflection} 18. Qxg4 {aiming for Qe6+.} Qxb5 19. Rb1 {White is on the road to losing.} f5 $36 {[%mdl 2048] Keeping White busy.} 20. Qe2 Qa4 21. a3 {[#]} (21. Bf4 $142) 21... f4 $1 $17 22. O-O f3 23. Qe3 (23. gxf3 $17 {only move.} Rxf3 24. c4) 23... fxg2 $19 24. Rfd1 Rf5 {And now ...Raf8 would win.} 25. b3 $2 (25. Qg3) 25... Qc6 26. Be1 Raf8 27. Rb2 (27. c4 $142 Rf3 28. Qg5) 27... Be5 28. Kxg2 d4 29. cxd4 Bf4 30. Qc3 Qd7 {...Rh5 is the strong threat.} 31. f3 exf3+ 32. Kh1 Rc8 33. Qd3 Qd5 {( -> ...f2+)} 34. Rf2 {[#]} Bxh2 $1 {[%mdl 512] White must now prevent ...Bg3.} 35. Kxh2 (35. Rxh2 f2+) 35... Rh5+ {Black mates.} 36. Kg3 Qg5+ 37. Kxf3 Rh3+ {[%mdl 64] Skewer} 38. Ke2 Re8+ {Av CentiPawn Loss W=-110/B=-44. Weighted=-132/-48} 0-1

[Event "BLR-ch Women 2020"]
[Site "Minsk"]
[Date "2020.10.20"]
[Round "3.2"]
[White "Tarasenka, Aliaksandra"]
[Black "Beinenson, Katsiaryna"]
[Result "0-1"]
[WhiteElo "2070"]
[BlackElo "1983"]
[Annotator "TA"]
[PlyCount "62"]
[EventDate "2020.10.18"]
[EventType "tourn"]
[EventCountry "BLR"]
[SourceTitle "playchess.com"]
[Source "ChessBase"]
[SourceQuality "1"]

{[%evp 23,62,20,43,-6,0,0,0,0,0,0,0,0,0,0,0,0,-8,-47,-37,-53,-60,-83,-27,-91,-85,-234,-210,-761,-768,-759,-797,-787,-765,-745,-389,-385,-382,-363,-348,-367,-357]} 1. e4 c5 2. c3 Nf6 3. e5 Nd5 4. Nf3 e6 5. d4 cxd4 6. cxd4 d6 7. a3 Nc6 8. Bd3 dxe5 9. dxe5 g6 10. O-O Bg7 11. Qe2 Qc7 12. Re1 O-O 13. b4 {B22: Sicilian: 2 c3.} f6 14. exf6 Bxf6 15. Ra2 $1 {The position is equal.} Nd4 16. Nxd4 $1 Bxd4 {[#]} 17. Qe4 $146 ({Predecessor:} 17. Qf1 Bd7 18. Kh1 Rac8 19. Bh6 Rf7 20. Rc2 Qd8 21. Rxc8 Bxc8 22. f3 e5 23. Bc4 {½-½ (30) Erdogdu,M (2281)-Bredenhof,B (2156) ICCF email 2013}) 17... Qb6 {[%cal Rf8f2]} 18. Rf1 Bd7 19. Bh6 Rf5 20. h3 Rh5 21. Bc1 Rf8 22. Qg4 Rf6 ({Black should try} 22... Nf6 $17 23. Qe2 Qd6) 23. Bc4 (23. Qg3 $11) 23... Rhf5 $36 {[%cal Rd4f2][%mdl 2048] Keeping White busy.} 24. Qh4 {[#] Loses the game.} (24. Qg3 $17) 24... Nf4 $1 $19 25. Bb2 $2 {[#]} (25. Bxf4 Rxf4 26. Qg3) 25... Qc6 $1 {[%csl Gf4][%cal Rc6g2][%mdl 576] Double Attack} 26. Qg3 Qxc4 27. Bxd4 Qxa2 28. Nc3 Ne2+ 29. Nxe2 Qxe2 30. Bxf6 Rxf6 31. Qb8+ Rf8 {Av CentiPawn Loss W=-44/B=-23. Weighted=-100/-44} 0-1